| 000 | 01308nam0a22002651 4500 | ||
|---|---|---|---|
| 001 | v19\rc\1405714 | ||
| 005 | 20260405222005.0 | ||
| 035 | _a(NLR Aleph) 005222851 | ||
| 090 |
_a5523422 _c5523422 |
||
| 100 | _a20060512d1875 |||y0rusy50 ca | ||
| 101 | 0 | _arus | |
| 102 | _aRU | ||
| 105 | _ay z ||||| | ||
| 200 | 1 | _aОтчет Комиссии, назначенной военным губернатором и главным командиром Кронштадтского порта, вице-адмиралом П.В. Козакевичем, для оказания помощи пострадавшим от пожара, бывшего в Кронштадте с 20-го на 21-е октября 1874 года | |
| 210 |
_aКронштадт _d1875 |
||
| 215 |
_a[2], 18, III с. _d25 |
||
| 702 | 1 |
_4570 _8rus _7ca _aКозакевич _bП. В. _f1813-1882 _gПавел Васильевич _3RU\NLR\AUTH\77100247 _983173 |
|
| 710 | 0 | 2 | _aКомиссия для оказания помощи пострадавшим от пожара, бывшего в Кронштадте |
| 801 | 0 |
_aRU _bNLR _c20060512 _gpsbo |
|
| 801 | 0 |
_aRU _bRuMoRGB _c20060512 _2psbo |
|
| 801 | 1 |
_aRU _bProSoft-M _c20060512 _2rusmarc |
|
| 801 | 2 |
_aRU _bNLR _c20110704 _2rusmarc |
|
| 852 |
_aNLR _j18.222.6.306 |
||
| 942 | _cBOOK | ||
| 980 | _aNB | ||